banner koha

Tanque vazio (Registro n. 339288)

MARC details
000 -LÍDER
fixed length control field 00865nab a2200277 4500
003 - CÓDIGO MARC DA AGÊNCIA CATALOGADORA
Campo de controle BR-BrBNA
005 - DATA E HORA DA ÚLTIMA ATUALIZAÇÃO
Campo de controle 20251130122813.0
008 - CAMPO DE TAMANHO FIXO
fixed length control field 251130b bl.||||| |||| 00| 0 por d
040 ## - FONTE DA CATALOGAÇÃO
Agência catalogadora BR-BrBNA
Idioma da catalogação por
072 ## - CATEGORIA AGRIS
Código AGRIS F01 ; Q60 ; E16 ; E21 ; E70
Código do objeto 0230 ; 8961
100 ## - ENTRADA PRINCIPAL - NOME PESSOAL
Nome pessoal Popov, Daniel
245 ## - TÍTULO PRINCIPAL
Título principal Tanque vazio
Subtítulo Agroeconomia
500 ## - NOTA GERAL
Nota geral 6 illus.
942 ## - ADDED ENTRY ELEMENTS (KOHA)
Koha item type Analítica
650 ## - ASSUNTO - THESAGRO
Cabeçalho tópico ou nome geográfico CANA DE AÇÚCAR
650 ## - ASSUNTO - THESAGRO
Cabeçalho tópico ou nome geográfico USINA AÇUCAREIRA
650 ## - ASSUNTO - THESAGRO
Cabeçalho tópico ou nome geográfico ETANOL
650 ## - ASSUNTO - THESAGRO
Cabeçalho tópico ou nome geográfico RENTABILIDADE
650 ## - ASSUNTO - THESAGRO
Cabeçalho tópico ou nome geográfico PERDA
650 ## - ASSUNTO - THESAGRO
Cabeçalho tópico ou nome geográfico POLÍTICA FISCAL
650 ## - ASSUNTO - THESAGRO
Cabeçalho tópico ou nome geográfico CUSTO DE PRODUÇÃO
650 ## - ASSUNTO - THESAGRO
Cabeçalho tópico ou nome geográfico VENDA
650 ## - ASSUNTO - THESAGRO
Cabeçalho tópico ou nome geográfico PREÇO RECEBIDO
773 0# - ENTRADA ANALÍTICA
Host Biblionumber 1706
Registro do item 348079
Imprenta São Paulo-SP Editora Três Ltda - E-mail: luizfsa@revistadinheiro.com.br 2004
Outro identificador 2025-0573
Título Dinheiro Rural (Brazil)
ISSN 1807-3700
Colação v. 9(101) p.20-22; (Mar 2013)
Número de controle de registro BR2025005243

Nenhum exemplar disponível.

BINAGRI

Telefone: (61)3218-2567/2388/3357/2097 - binagri@agro.gov.br

Ministério da Agricultura e Pecuária , Esplanada dos Ministérios, Bloco D, Anexo B, Brasília/DF, CEP: 70.043-900